| 000 | 00776nam a22002657a 4500 | ||
|---|---|---|---|
| 003 | CHAP | ||
| 005 | 20220329134036.0 | ||
| 008 | 971013s1965 r 00010 d | ||
| 010 | _a14540 | ||
| 011 | _a15512 | ||
| 035 | _a19588 | ||
| 040 | _cCHAP | ||
| 082 |
_a581.192 _bG66 |
||
| 100 | 0 | 0 |
_aGoodwin, T. W. _eed. _949599 |
| 245 | _aChemistry and biochemistry of plant pigments | ||
| 260 |
_aLondon : _bAcademic Press, _c1965 |
||
| 300 |
_a583 p. _b: ilus |
||
| 590 |
_aBATCH-UPD _b10 _c20130110 _lUCH01 _h1934 |
||
| 590 |
_aCONVERSION _b10 _c20130109 _lUCH01 _h1309 |
||
| 650 | 1 | 4 |
_aPigmentos vegetales. _988057 |
| 650 | 1 | 4 |
_aPlantas _xMetabolismo. _988858 |
| 901 | _aBK | ||
| 942 | _cLIBRO | ||
| 949 |
_a581.192 G66 _bBC _cLIBRO _d33724000511135 _eLIBRO _h9356 _i19588 _si _t234.00 |
||
| 999 |
_c14540 _d14540 |
||